Statistiken für Top 15 Länder mit Covid-19-Todesfällen - 16. Mai 2021

Klicken Sie hier um das Quiz zu spielen!

Allgemein

  • Dieses Quiz wurde 10 mal gespielt
  • Das Durchschnittsergebnis liegt bei 14 aus 24

Antwortstatistiken

Land% Korrekt
Deutschland
90%
Indien
90%
Italien
90%
Spanien
90%
Vereinigte Staaten
90%
Frankreich
80%
Brasilien
70%
Mexiko
70%
Russland
70%
Vereinigtes Königreich
70%
Argentinien
60%
Belgien
60%
Kolumbien
60%
Peru
60%
Polen
50%
Bosnien und
Herzegowina
40%
Iran
40%
Slowakei
40%
Tschechien
40%
Ungarn
40%
Kroatien
30%
Nordmazedonien
30%
Slowenien
30%
Bulgarien
20%

Verteilung der Resultate

Perzentil nach korrekt beantworteten Fragen

Anzahl Personen mit jedem Resultat

Ihre Resultats-Entwicklung

Sie haben dieses Quiz noch nicht gespielt